Countries by % of Continent Quiz Stats

Quiz Updated Nov 2, 2016

Challenge
Share
Tweet
Embed
Score 0/30 Timer 04:00
6 Plays Today
Rank Country % Correct
5Russia (European part)
99.2%
6Russia (Asian part)
99.2%
4United States
98.9%
3Canada
98.4%
1Australia
97.5%
7China
97.5%
2Brazil
97.1%
9Mexico
92.7%
12India
90.3%
8Argentina
90%
20France
86.5%
23Spain
76.1%
27Chile
74.7%
13Peru
68.1%
16Sudan
65.3%
Rank Country % Correct
14Colombia
63.8%
17Ukraine
63.7%
10Algeria
61.1%
25Sweden
60.8%
11Democratic Republic of the Congo
60.1%
24Saudi Arabia
60.1%
18Kazakhstan
58.6%
22Venezuela
58.2%
19Libya
56.6%
28Indonesia
56%
29Niger
55.8%
26Chad
55%
15Bolivia
53.1%
30Angola
32.3%
21Papua New Guinea
21.1%

You're not logged in!

Compare scores with friends on all Sporcle quizzes.
Sign Up with Email
OR
Log In

You Might Also Like...

Show Comments

Extras

Top Quizzes Today


Score Distribution

Your Account Isn't Verified!

In order to create a playlist on Sporcle, you need to verify the email address you used during registration. Go to your Sporcle Settings to finish the process.